000 01067cam a2200253 4500
001
008 000000n1999 000 0 eng u
020 _a0419231706
035 _a(Sirsi) u105587
050 _a711.555
_c18
100 _aHoskins, Sarah
245 _aHealing the hospital environment
_bdesign management and maintenance of healthcare premises
260 _aLondon
_bE and F N Spon
_c1999
300 _axviii. 193p.
_bill
_c28cm.
350 _a32.50
520 _aWritten to inform those who are responsible for healthcare environments, it gives a wide range of examples of effective improvement in design management and maintenance of all types of healthcare premises and their surrounding lands. It is also intended to help design professionals adapt to the particular requirements of these buildings and their wide range of functions.
650 _aHOSPITALS
650 _aHEALTH BUILDINGS
650 _aNHS PROPERTY
650 _aESTATES MANAGEMENT
690 _aMANAGEMENT-FACILITIES MANAGEMENT
700 _aHaggard, Liz
942 _n0
999 _c100426
_d100426